Sports Quiz

Random Sports Quiz

Spanish international players in England Quiz Stats

 Plays Quiz not verified by Sporcle

Challenge
Share
Tweet
Embed
Score 0/71 Timer 10:00
0 Plays Today
Caps/Goals Player % Correct
3/0Marcos Alonso
100%
114/16Xabi Alonso
96%
110/38Fernando Torres
94.4%
41/10Juan Mata
93.6%
125/35David Silva
92.8%
110/15Francesc Fàbregas
90.8%
38/0David de Gea
86.5%
77/14Santi Cazorla
83.3%
26/13Álvaro Morata
82.1%
56/0Álvaro Arbeloa
80.1%
24/0César Azpilicueta
78.5%
21/10Álvaro Negredo
78.1%
36/0José Manuel Reina
78.1%
20/4Luis García
76.9%
24/10Diego Costa
76.1%
47/27Fernando Morientes
76.1%
2/0Javi García
75.2%
12/2Javi de Pedro
74.5%
65/17Pedro
73.3%
2/0Ander Herrera
72.7%
102/5Gerard Piqué
72.1%
35/3Jesús Navas
70.1%
12/7Roberto Soldado
70.1%
4/0Iván Campo
69.7%
2/0Kepa Arrizabalaga
68.8%
89/29Fernando Ruíz Hierro
67.7%
24/7Fernando Llorente
66.5%
22/1Nacho Monreal
65.7%
20/0Víctor Valdés
63.7%
1/0Michu
63.3%
3/0Héctor Bellerín
62.9%
40/8Gaizka Mendieta
59.8%
21/4José Antonio Reyes
59.8%
53/0Míchel Salgado
57%
4/0Alberto Moreno
56.6%
5/1Javi Moreno
56.6%
Caps/Goals Player % Correct
1/0Bojan Krkić
55.4%
36/0Albert Ferrer
55%
16/4Albert Riera
51.4%
10/2Asier del Horno
51%
16/6Nolito
50.5%
17/6Iago Aspas
47%
4/1Gerard Deulofeu
45%
4/1Pablo Hernández
43.8%
1/0Sergio Rico
43.8%
17/2Albert Luque
36.7%
7/0Mikel San José
33.1%
14/0Raúl Bravo
32.3%
3/0Suso
31.3%
38/3Vicente
30.3%
1/0Ricardo
28.7%
1/0Luis Alberto
28.6%
12/3César Martín
28.3%
15/4Diego Tristán
26.3%
2/0Jonny
25%
1/0César Sánchez
24.3%
1/0Borja Valero
24.3%
8/2Fernando Gómez Colomer
22.7%
23/0Pablo Ibáñez
21.5%
4/0Marcelino
19.9%
3/0Mario Suárez
18.7%
1/0Denis Suárez
15.2%
1/0Juanmi
14.3%
1/0Dani Parejo
12.5%
4/0Salva Ballesta
10%
14/4Rodrigo
8.4%
14/1Vicente Engonga
6%
2/0Borja Oubiña
5.6%
1/0Emilio Aldecoa
2.4%
5/0Juan Velasco
2.4%
1/0Raimundo Pérez Lezama
2%

You're not logged in!

Compare scores with friends on all Sporcle quizzes.
OR
Log In

You Might Also Like...

Show Comments

Extras

Created Jul 1, 2016ReportNominate
Tags:Football League, Spain

Top Quizzes Today


Score Distribution

Your Account Isn't Verified!

In order to create a playlist on Sporcle, you need to verify the email address you used during registration. Go to your Sporcle Settings to finish the process.

Report this User

Report this user for behavior that violates our Community Guidelines.

Details: